[Event "VIE-ch U09"]
[Site "Ho Chi Minh City"]
[Date "2014.07.15"]
[Round "5"]
[White "Dinh, Luu Don"]
[Black "Dang, Minh Long"]
[Result "0-1"]
[WhiteElo "1527"]
[BlackElo "1490"]
[PlyCount "68"]
[EventDate "2014.07.13"]
[EventType "swiss"]
[EventRounds "9"]
[EventCountry "VIE"]
[SourceTitle "EXT 2016"]
[Source "ChessBase"]
[SourceDate "2015.10.08"]
[SourceVersion "1"]
[SourceVersionDate "2015.10.08"]
[SourceQuality "1"]

1. d4 Nf6 2. c4 d5 3. Nc3 e6 4. e3 c6 5. cxd5 exd5 6. Nf3 Nbd7 7. Be2 Be7 8. 0-0 0-0 9. Bd2 b6 10. Rc1 Bb7 11. h3 Ne4 12. Bd3 Ndf6 13. Qc2 c5 14. Bxe4 dxe4 15. Ng5 cxd4 16. exd4 Qxd4 17. Be3 Qd3 18. Qxd3 exd3 19. Rfd1 Rfd8 20. Rd2 Rd7 21. Nf3 Bxf3 22. gxf3 Rad8 23. Rcd1 h6 24. a3 Bc5 25. Kg2 Nd5 26. Nxd5 Rxd5 27. b4 Be7 28. f4 Bf6 29. Rb1 Bc3 30. Ra2 Kh7 31. Rb3 d2 32. Rb1 d1Q 33. Rxd1 Rxd1 34. Rc2 Bf6 0-1

[Event "VIE-ch U09"]
[Site "Ho Chi Minh City"]
[Date "2014.07.13"]
[Round "2"]
[White "Dang, Minh Long"]
[Black "Le, Quang An"]
[Result "0-1"]
[WhiteElo "1490"]
[BlackElo "1537"]
[PlyCount "88"]
[EventDate "2014.07.13"]
[EventType "swiss"]
[EventRounds "9"]
[EventCountry "VIE"]
[SourceTitle "EXT 2016"]
[Source "ChessBase"]
[SourceDate "2015.10.08"]
[SourceVersion "1"]
[SourceVersionDate "2015.10.08"]
[SourceQuality "1"]

1. d4 Nf6 2. Nf3 g6 3. g3 Bg7 4. Bg2 0-0 5. 0-0 d6 6. b3 Nc6 7. Bb2 a6 8. c4 Rb8 9. Nc3 b5 10. Qc2 Bd7 11. Rfe1 Na5 12. cxb5 axb5 13. e4 c6 14. Rad1 e6 15. d5 cxd5 16. exd5 e5 17. Qb1 Bf5 18. Qc1 Rc8 19. Qd2 Qb6 20. Ba3 Ng4 21. Bb2 b4 22. Na4 Qb7 23. Re2 Bd7 24. h3 Nf6 25. Kh2 Bxa4 26. bxa4 Nc4 27. Qe1 Ra8 28. Rc2 Nxb2 29. Rxb2 Rxa4 30. Rdb1 Qxd5 31. Nh4 Qe6 32. Qd2 e4 33. Rb3 Rfa8 34. Rxb4 Rxa2 35. Qd4 Ng4+ 36. hxg4 Bxd4 37. Rxd4 Rxf2 38. Re1 d5 39. Rdd1 Raa2 40. Re3 g5 41. Nf5 Rxg2+ 42. Kh1 Rh2+ 43. Kg1 Rag2+ 44. Kf1 Qa6+ 0-1